| 000 | 00670nam a2200241 a 4500 | ||
|---|---|---|---|
| 001 | 0001-1094 | ||
| 003 | ELIB.Books | ||
| 008 | 150116 2010 eng | ||
| 020 | _a9781435141896 | ||
| 035 | _a(ELIB.Books)0001-1249 | ||
| 092 |
_aB _bWat |
||
| 100 | _aWatson, Howard. | ||
| 245 |
_aAtlas of History's Greatest Heroes & Villains: _bThe 50 Most Significant People Explored In Words and Maps |
||
| 260 |
_aNew York _bMetro Books _c2013 |
||
| 300 |
_a223 _c23 Cm |
||
| 500 | _aC/o Moe Lwai | ||
| 650 | _aBiography | ||
| 856 |
_nKBTS; Library _uKBTS; Elib. |
||
| 942 |
_2ddc _cBK |
||
| 990 | _a1 | ||
| 998 |
_cbat _e2015-01-16 |
||
| 999 |
_c11094 _d11094 |
||